Návrh opatrení na zlepšenie finančnej štruktúry podniku RONA, a.s.

Enregistré dans:
Détails bibliographiques
Auteur principal: Streličáková, Veronika, 1987- (Auteur)
Autres auteurs: Šnircová, Jana, 1971- (Directeur de thèse)
Format: Manuscrit Livre
Langue:anglais
Publié: Trnava : STU v Bratislave MTF UPMK, 2012
Sujets:
Accès en ligne:VAIS
Tags: Ajouter un tag
Pas de tags, Soyez le premier à ajouter un tag!

MARC

LEADER 00000ntm a22000003a 4500
001 stu250947
005 20150617230200.1
008 120719s2012----xo------------------eng-d
040 |a STU  |b slo 
041 0 |a eng 
044 |a xo 
100 1 |a Streličáková, Veronika,  |d 1987-  |4 aut  |u M  |T MTF Materiálovotechnologická fakulta  |X 57101  |U M  |Y 60  |7 A000057101 
242 0 0 |a Proposal of measures to improve the financial structure of business RONA, a.s.  |y eng 
245 1 |a  Návrh opatrení na zlepšenie finančnej štruktúry podniku RONA, a.s. 
260 |a Trnava :  |b STU v Bratislave MTF UPMK,  |c 2012 
300 |a 73s  |c CD ROM 
650 7 |a priemyselné manažérstvo  |2 stusub 
650 7 |a Industrial Management  |2 estusub 
650 7 |a financial analysis  |2 estusub 
650 7 |a financovanie podniku  |2 stusub 
650 7 |a finančná analýza  |2 stusub 
700 1 |a Šnircová, Jana,  |d 1971-  |4 ths  |u M4000  |U MTF Materiálovotechnologická fakulta  |T MTF Ústav priemyselného inžinierstva a manažmentu  |X 57371  |U M4000  |Y 84  |7 A000057371 
856 4 |a info a plný text  |u http://is.stuba.sk/zp/portal_zp.pl?podrobnosti=57810  |3 VAIS 
996 |c M*BP-5747  |l MMSKP  |s P  |a 0  |w stu250947_0001